Contribution to the biology of the Pacific herring, Clupea pallasii, (Record no. 23308)

MARC details
000 -LEADER
fixed length control field 01089cam a22002771 4500
001 - CONTROL NUMBER
control field f 30000021
003 - CONTROL NUMBER IDENTIFIER
control field DLC
005 - DATE AND TIME OF LATEST TRANSACTION
control field 20260227111249.0
008 - FIXED-LENGTH DATA ELEMENTS--GENERAL INFORMATION
fixed length control field 960223s1930 dcuabf b f000 0 eng
010 ## - LIBRARY OF CONGRESS CONTROL NUMBER
LC control number f 30000021
035 ## - SYSTEM CONTROL NUMBER
System control number (OCoLC)34251365
040 ## - CATALOGING SOURCE
Original cataloging agency DLC
Transcribing agency AkU
Modifying agency DLC
043 ## - GEOGRAPHIC AREA CODE
Geographic area code n-us-ak
050 00 - LIBRARY OF CONGRESS CALL NUMBER
Classification number QL638.C64
Item number R6
100 1# - MAIN ENTRY--PERSONAL NAME
Personal name Rounsefell, George A.
Fuller form of name (George Armytage),
Dates associated with a name 1905-
245 10 - TITLE STATEMENT
Title Contribution to the biology of the Pacific herring, Clupea pallasii,
Remainder of title and the condition of the fishery in Alaska.
Statement of responsibility, etc. By George A. Rounsefell ...
260 ## - PUBLICATION, DISTRIBUTION, ETC.
Place of publication, distribution, etc. Washington,
Name of publisher, distributor, etc. U.S. Govt. Print. Off.,
Date of publication, distribution, etc. 1930.
300 ## - PHYSICAL DESCRIPTION
Extent 1 p.l., p. 227-320 incl. maps, diagrs.
Other physical details 9 pl. on 6 l.
Dimensions 28 cm.
490 1# - SERIES STATEMENT
Series statement [United States] Bureau of Fisheries. Doc. no. 1080
500 ## - GENERAL NOTE
General note From Bulletin of the Bureau of Fisheries, vol. XLV, 1929.
504 ## - BIBLIOGRAPHY, ETC. NOTE
Bibliography, etc. note Bibliography: p. 317-320.
650 #0 - SUBJECT ADDED ENTRY--TOPICAL TERM
Topical term or geographic name entry element Pacific herring.
650 #0 - SUBJECT ADDED ENTRY--TOPICAL TERM
Topical term or geographic name entry element Pacific herring fisheries
Geographic subdivision Alaska.
830 #0 - SERIES ADDED ENTRY--UNIFORM TITLE
Uniform title Document (United States. Bureau of Fisheries) ;
Volume/sequential designation no. 1080.
830 #0 - SERIES ADDED ENTRY--UNIFORM TITLE
Uniform title Bulletin of the Bureau of Fisheries ;
Volume/sequential designation v. 45.

No items available.

Powered by Koha